Biblioteca y Centro de Documentación

The review of income and wealth (Registro nro. 26044)

Detalles MARC
000 -CABECERA
Longitud fija campo de control 01562nas a2200421 c 4500
001 - NÚMERO DE CONTROL
Número de control 26044
003 - IDENTIFICADOR DE NÚMERO DE CONTROL
Identificador del número de control ES-MaCES
005 - FECHA Y HORA DE LA ÚLTIMA TRANSACCIÓN
Fecha y hora de la última transacción 20250318100035.0
007 - PHYSICAL DESCRIPTION FIXED FIELD--GENERAL INFORMAT
Campo fijo de descripción física cr |||||||||||
008 - CAMPO FIJO DE DESCRIPCIÓN FIJA--INFORMACIÓN GENERAL
Códigos de información de longitud fija   090624u2009 xxkqr p | |eng d
022 0# - ISSN (INTERNATIONAL STANDARD SERIAL NUMBER)
Número Internacional Normalizado para Publicaciones Seriadas 0034-6586
035 ## - NÚMERO DE CONTROL DEL SISTEMA
Número de control del sistema CES20090000044p
040 ## - FUENTE DE CATALOGACIÓN
Centro catalogador de origen ES-MaCES
Lengua de catalogación spa
Centro transcriptor ES-MaCES
245 04 - MENCIÓN DE TÍTULO
Título The review of income and wealth
Mención de responsabilidad, etc. journal of the International Association for Research Income and Wealth
246 03 - FORMA VARIANTE DEL TÍTULO
Título propio ; Título en breve Income and wealth
260 ## - PUBLICACIÓN, DISTRIBUCIÓN, ETC (PIE DE IMPRENTA)
Lugar de publicación, distribución, etc. Oxford, Malden (MA)
Nombre del editor, distribuidor, etc. Wiley-Blackwell
300 ## - DESCRIPCIÓN FÍSICA
Extensión v.
Dimensiones 26 cm
310 ## - PERIODICIDAD ACTUAL DE LA PUBLICACIÓN
Periodicidad actual 4 n. al año
500 ## - NOTA GENERAL
Nota general Descripción basada en: Ser. 55, no. 1 (Mar. 2009)
541 ## - NOTA DE LA FUENTE INMEDIANTE DE ADQUISICIÓN
Forma de adquisición Compra
592 ## - CES. NOTA ESTADO DE LA PUBLICACIÓN
Estado publicación Cancelada
650 #4 - ASIENTO SECUNDARIO DE MATERIA--TÉRMINO DE MATERIA
Término de materia o nombre geográfico como elemento inicial cuentas nacionales
9 (RLIN) 29370
650 #4 - ASIENTO SECUNDARIO DE MATERIA--TÉRMINO DE MATERIA
Término de materia o nombre geográfico como elemento inicial política de ingresos
9 (RLIN) 27026
650 #4 - ASIENTO SECUNDARIO DE MATERIA--TÉRMINO DE MATERIA
Término de materia o nombre geográfico como elemento inicial riqueza
9 (RLIN) 29375
650 #4 - ASIENTO SECUNDARIO DE MATERIA--TÉRMINO DE MATERIA
Término de materia o nombre geográfico como elemento inicial ingreso nacional
9 (RLIN) 27089
650 #4 - ASIENTO SECUNDARIO DE MATERIA--TÉRMINO DE MATERIA
Término de materia o nombre geográfico como elemento inicial política económica
9 (RLIN) 27025
650 #4 - ASIENTO SECUNDARIO DE MATERIA--TÉRMINO DE MATERIA
Término de materia o nombre geográfico como elemento inicial contabilidad nacional
9 (RLIN) 27088
650 #4 - ASIENTO SECUNDARIO DE MATERIA--TÉRMINO DE MATERIA
Término de materia o nombre geográfico como elemento inicial presupuesto nacional
9 (RLIN) 28073
650 #4 - ASIENTO SECUNDARIO DE MATERIA--TÉRMINO DE MATERIA
Término de materia o nombre geográfico como elemento inicial macroeconomía
9 (RLIN) 27067
653 10 - TÉRMINO DE INDEXACIÓN--NO CONTROLADO
Término no controlado Economía
710 2# - ENCABEZAMIENTO SECUNDARIO--NOMBRE CORPORATIVO
Nombre de entidad o nombre de jurisdicción como elemento inicial International Association for Research in Income and Wealth
9 (RLIN) 4350
853 21 - LEYENDAS Y PATRÓN--UNIDAD BIBLIOGRÁFICA BÁSICA
Primer nivel de enumeración ser.
Segundo nivel de enumeración no.
Primer nivel de cronología año
Segundo nivel de cronología mes
Continuidad en la numeración r
Frecuencia q
Patrón de regularidad pm03,06,09,12
856 4# - ACCESO ELECTRÓNICO
Identificador Uniforme del Recurso (URI) <a href="http://onlinelibrary.wiley.com/journal/10.1111/(ISSN)1475-4991">http://onlinelibrary.wiley.com/journal/10.1111/(ISSN)1475-4991</a>
Texto del enlace texto completo desde vol. 1 (1951)
Nota pública Acceso para usuarios registrados, algunos artículos en acceso abierto
866 #0 - FUENTES TEXTUALES--UNIDAD BIBLIOGRÁFICA BÁSICA
Holdings textuales 2009-2012.
Nota pública Ubicación: DEPÓSITO - 55/1093
905 ## - CES. DATOS REVISTA
Boletín de sumarios (Sirtex 591$a) Boletín A
Formato P
Kardex
Abreviatura boletín RevieIncWea
Proceso +
942 ## - ELEMENTOS KOHA
Fuente de clasificaión o esquema Clasificación propia del CES
Koha [por defecto] tipo de item Periódicas
Parte de clasificación 0.0.
Existencias
Número de registro Signatura completa Tipo de item de Koha
074667 55/1093 Periódicas
074668 55/1093 Periódicas
074669 55/1093 Periódicas
075007 55/1093 Periódicas
075664 55/1093 Periódicas
076461 55/1093 Periódicas
076952 55/1093 Periódicas
077627 55/1093 Periódicas
078499 55/1093 Periódicas
079097 55/1093 Periódicas
079441 55/1093 Periódicas
079442 55/1093 Periódicas
079965 55/1093 Periódicas
080563 55/1093 Periódicas
081728 55/1093 Periódicas
081729 55/1093 Periódicas
081991 55/1093 Periódicas
082527 55/1093 Periódicas
© CES, Consejo Económico y Social de España 2021